| 000 | 00608nam a2200205 a 4500 | ||
|---|---|---|---|
| 003 | PILC | ||
| 005 | 20160203150303.0 | ||
| 008 | 070925s19uu xx 00 eng d | ||
| 020 | _a0495171719 | ||
| 050 |
_aBF 503 _b.F852 2007 |
||
| 100 | _aFranken, Robert E. | ||
| 245 |
_aHuman motivation / _cRobert E. Franken. |
||
| 250 | _a6th edition. | ||
| 260 |
_aU.S.A : _bThomson Wadsworth, _c2007. |
||
| 300 |
_a464 pages : _billustrations ; _c26 cm. |
||
| 500 | _aIncludes bibliographical references and indexes. | ||
| 650 |
_aMotivation (Psychology) _xTextbooks. |
||
| 942 |
_cBK _2lcc _kFOR |
||
| 999 |
_c22615 _d22615 |
||